Book Value Categories and the Acceptance of Technological Changes in English Book Production.

Bibliographic Details
Main Author: Rosenberg, Simon.
Format: eBook
Language:English
Published: Frankfurt a.M. : Peter Lang GmbH, Internationaler Verlag der Wissenschaften, 2020.
Edition:1st ed.
Series:Muensteraner Monographien Zur Englischen Literatur / Muenster Monographs on English Literature Series
Subjects:
Online Access:Click to View
LEADER 03883nam a22004093i 4500
001 EBC30685976
003 MiAaPQ
005 20231204023231.0
006 m o d |
007 cr cnu||||||||
008 231204s2020 xx o ||||0 eng d
020 |a 9783631827383  |q (electronic bk.) 
020 |z 9783631804261 
035 |a (MiAaPQ)EBC30685976 
035 |a (Au-PeEL)EBL30685976 
035 |a (OCoLC)1397574354 
040 |a MiAaPQ  |b eng  |e rda  |e pn  |c MiAaPQ  |d MiAaPQ 
082 0 |a 002.09 
100 1 |a Rosenberg, Simon. 
245 1 0 |a Book Value Categories and the Acceptance of Technological Changes in English Book Production. 
250 |a 1st ed. 
264 1 |a Frankfurt a.M. :  |b Peter Lang GmbH, Internationaler Verlag der Wissenschaften,  |c 2020. 
264 4 |c ©2020. 
300 |a 1 online resource (300 pages) 
336 |a text  |b txt  |2 rdacontent 
337 |a computer  |b c  |2 rdamedia 
338 |a online resource  |b cr  |2 rdacarrier 
490 1 |a Muensteraner Monographien Zur Englischen Literatur / Muenster Monographs on English Literature Series ;  |v v.42 
505 0 |a Cover -- Copyright information -- Acknowledgement -- Contents -- Introduction -- The Death of the Printed Book? -- The Book as an Evolutionary Process? -- The Book -- Publishing -- Structure -- Approach of This Study -- 1. Basic Concepts: Value and Acceptance -- 1.1. Value -- 1.2. Acceptance -- 1.3. Value and the Book -- The Value Chain of Publishing -- 1.4. Book Value Categories -- Economic Value -- Content Value -- Symbolic Value -- Conclusion -- 2. The Gutenberg Age -- 2.1. Context: Introduction of the Printed Book -- Type Material -- Paper -- Printing Process -- Gutenberg's B42 -- Incunables as Transitional Books -- 2.2. Early Printing Presses in England -- 2.2.1. Preconditions in England -- Readers -- Publishing Categories -- Patronage -- 2.2.2. William Caxton -- 2.2.3. Wynkyn de Worde and Richard Pynson -- Comparing Caxton, de Worde and Pynson -- 2.2.4. The English Provinces -- Oxford (1478-1519) -- Cambridge (1520-1522) -- St Albans (1479-1486) -- 2.3. Acceptance of the Printed Book in England -- 2.4. The Book Value Categories Applied -- 3. The Industrial Age -- 3.1. Context: England During the Industrialization -- 3.1.1. Publication -- Authors -- Publisher -- 3.1.2. Manufacture -- Printing from Plates -- Paper -- Sourcing of Material -- New Printing Presses -- 3.1.3. Reception -- 3.1.4. Distribution -- Railways -- Libraries -- Mudie's "Select Library" -- 3.2. Acceptance of Industrialized Book Production -- 3.3. Book Value Categories Applied -- 4. The Digital Age -- 4.1. Context: Introduction of the E-Book -- 4.2. Publishing in the Digital Age -- 4.2.1. The Early E-Book-Market -- 4.2.2. Advantages and Disadvantages of Digital Content -- Support of Acceptance -- Hindrances of Acceptance -- Piracy -- Price Policy -- Formats -- Reading Devices -- 4.3. Acceptance of the Digital Book -- 4.4. The Book Value Categories Applied -- Conclusion. 
505 8 |a Gutenberg Age -- Industrial Age -- Digital Age -- Prognosis? -- List of Illustrations -- Bibliography. 
588 |a Description based on publisher supplied metadata and other sources. 
590 |a Electronic reproduction. Ann Arbor, Michigan : ProQuest Ebook Central, 2023. Available via World Wide Web. Access may be limited to ProQuest Ebook Central affiliated libraries.  
655 4 |a Electronic books. 
776 0 8 |i Print version:  |a Rosenberg, Simon  |t Book Value Categories and the Acceptance of Technological Changes in English Book Production  |d Frankfurt a.M. : Peter Lang GmbH, Internationaler Verlag der Wissenschaften,c2020  |z 9783631804261 
797 2 |a ProQuest (Firm) 
830 0 |a Muensteraner Monographien Zur Englischen Literatur / Muenster Monographs on English Literature Series 
856 4 0 |u https://ebookcentral.proquest.com/lib/matrademy/detail.action?docID=30685976  |z Click to View